ロード中...

Vital statistics

書誌詳細
第一著者: Drogin, R
その他の著者: orkin, M
フォーマット: Printed Book
言語:Undetermined
English
出版事項: newdelhi Tata Mc Graw hill Publishing 1975
主題:
LEADER 00565nam a2200181Ia 4500
008 140306s9999 xx 000 0 und d
041 |a eng 
082 |a 519  |b ORK/VI 
100 |a Drogin, R 
700 |a orkin, M 
245 |a Vital statistics 
260 |a newdelhi  |b Tata Mc Graw hill Publishing  |c 1975 
300 |a 388 
650 |a Least squares 
650 |a Sampling Distribution 
942 |2 ddc  |c BK 
999 |c 118827  |d 118827 
952 |0 0  |1 0  |2 ddc  |4 0  |6 519_000000000000000_ORKVI  |7 0  |9 117899  |a KAUHCV  |b KAUHCV  |d 2004-05-04  |o 519 ORK/VI  |p KAU_HCV-10297  |r 2014-03-22  |w 2014-03-22  |y BK